Diseases and pests of ornamental plants / (Record no. 7061)

MARC details
000 -LEADER
fixed length control field 00748cam a22002411 4500
001 - CONTROL NUMBER
control field BD-DhSAU 7061
003 - CONTROL NUMBER IDENTIFIER
control field BD-DhSAU
005 - DATE AND TIME OF LATEST TRANSACTION
control field 20150517124329.0
008 - FIXED-LENGTH DATA ELEMENTS--GENERAL INFORMATION
fixed length control field 730220s1948 nyua 001 0 eng c
040 ## - CATALOGING SOURCE
Original cataloging agency BD-DhSAU
082 ## - DEWEY DECIMAL CLASSIFICATION NUMBER
Classification number 632.3
Edition number 22
Item number DOD
100 1# - MAIN ENTRY--PERSONAL NAME
Personal name Dodge, Bernard Ogilvie
Dates associated with a name 1872-1960.
245 10 - TITLE STATEMENT
Title Diseases and pests of ornamental plants /
Statement of responsibility, etc. Bernard O. Dodge and Harold W. Rickett.
250 ## - EDITION STATEMENT
Edition statement Rev. ed.
260 ## - PUBLICATION, DISTRIBUTION, ETC. (IMPRINT)
Place of publication, distribution, etc. New York :
Name of publisher, distributor, etc. The Ronald Press Co. ,
Date of publication, distribution, etc. c1948.
300 ## - PHYSICAL DESCRIPTION
Extent xiv, 638 p. :
Other physical details ill. ;
Dimensions 24 cm.
504 ## - BIBLIOGRAPHY, ETC. NOTE
Bibliography, etc Includes index.
590 ## - Name of Cataloguer
Name of Cataloger Jerin
650 #0 - SUBJECT ADDED ENTRY--TOPICAL TERM
Topical term or geographic name as entry element Plants, Ornamental
General subdivision Diseases and pests.
650 #0 - SUBJECT ADDED ENTRY--TOPICAL TERM
Topical term or geographic name as entry element Plant Pathology
700 1# - ADDED ENTRY--PERSONAL NAME
Personal name Rickett, Harold William
Dates associated with a name 1896-
Relator term joint author.
942 ## - ADDED ENTRY ELEMENTS (KOHA)
Source of classification or shelving scheme Dewey Decimal Classification
Koha item type Book
Holdings
Withdrawn status Lost status Source of classification or shelving scheme Damaged status Not for loan Collection code Home library Branch Name Shelving location Date acquired Total Checkouts Full call number Barcode Date last seen Price effective from Koha item type
    Dewey Decimal Classification   Not For Loan Reference SAU Library SAU Library Reference 03/01/1981   632.3 DOD 7085 17/05/2015 17/05/2015 Book